| 000 | 00438nam a2200169Ia 4500 | ||
|---|---|---|---|
| 001 | 17693 | ||
| 008 | 140724s9999 xx 000 0 und d | ||
| 100 | _aலதா | ||
| 100 | _qLatha | ||
| 245 | _aபாம்பு கட்டில் ஒரு தாழை | ||
| 245 | _bPaampu Kattil Oru Thaazhai | ||
| 245 | _cலதா | ||
| 260 | _aChennai | ||
| 260 | _bKalachuvadu Publications Pvt. Ltd. | ||
| 260 | _c2007 | ||
| 999 |
_c12871 _d12871 |
||